000 00631nam a2200241Ia 4500
003 OSt
005 20221007063549.0
006 a|||||r|||| 00| 0
007 ta
008 221006b |||||||| |||| 00| 0 eng d
024 _a24,204
037 _cTextual
040 _aFLL
_cFLL
_beng
041 _2eng
_aeng
082 _aZ2:33, K2
100 _aGuha Dhirendra Nath
_9684489
245 0 _aLaw of cosharers
250 _a2nd
260 _aCalcutta
_bEastern Law House (P) Ltd. India
_c1962
300 _axxxiv,1-482p
_ccm.
942 _hZ2:33, K2
_cTEXL
_2CC
999 _c1131549
_d1131549